Normal view
MARC view
- M.A.S Agencies
Entry Corporate Name
001 - CONTROL NUMBER
- control field: 38361
003 - CONTROL NUMBER IDENTIFIER
- control field: NUST
005 - DATE AND TIME OF LATEST TRANSACTION
- control field: 20210314130656.0
008 - FIXED-LENGTH DATA ELEMENTS
- fixed length control field: 210314|| aca||aabn | a|a d
040 ## - CATALOGING SOURCE
- Original cataloging agency: NUST
- Transcribing agency: NUST
110 ## - HEADING--CORPORATE NAME
- Corporate name or jurisdiction name as entry element: M.A.S Agencies
670 ## - SOURCE DATA FOUND
- Source citation: Work cat.: (NUST): M.A.S Agencies, MAS yellow pages.
